00967nam a2200265 a 4500001001000000005001700010008004100027041000800068044000700076050002700083245009800110260004400208300004400252500002300296500006200319500002500381500000900406600005300415600004100468651003900509902000800548942001100556999001500567952011900582BRCA_436120190320204637.0161209s1856----mx-a######---#000-0#spa-# aspa amx 4aF1232.S3b.H67 2c185610aHistoria de la revolución de México contra la dictadura del General Santa-Anna 1853-1855. aMéxicobVicente García Torresc1856 av, 335 p.bil., mapas, retratosc23 cm. aIncluye apéndice aCuenta con hojas plegables, una se rompió y esta suelta aEjemplar igual a B77 aB13214aSanta Anna, Antonio López ded1795-187691113214aComonfort, Ignaciod1812-1863910029 4aMéxicoxHistoriay1821-18619618 aGFM 2lcccB c4072d4072 00104070aBRCAbBRCAd2010-07-15iB132l0oF1232.S3 .H67 2 1856 (B132)p4358r2019-03-22 00:00:00w2019-03-22yB